Teorija razmernosti i smežnyje voprosy staťji obščego charaktera

Salvato in:
Dettagli Bibliografici
Autore principale: Aleksandrov, Pavel Sergejevič (Autore)
Natura: Libro
Lingua:russo
Pubblicazione: Moskva : Nauka, 1978
Tags: Aggiungi Tag
Nessun Tag, puoi essere il primo ad aggiungerne!!

MARC

LEADER 00000nam a22000003a 4500
001 stu199451
005 20150617230034.0
008 100205s1978----xxr-----------------rus-d
040 |a STU  |b slo 
041 0 |a rus 
044 |a xxr 
080 |a 515.127.1 
100 1 |a Aleksandrov, Pavel Sergejevič  |4 aut 
245 1 |a Teorija razmernosti i smežnyje voprosy staťji obščego charaktera 
260 |a Moskva :  |b Nauka,  |c 1978 
300 |a 430 s 
996 |b E42859  |c E*42859  |l EE03  |s P  |a 0  |w stu199451_0001